Designing Modernity (Record no. 3224)

MARC details
000 -CABECERA
campo de control de longitud fija 01011nam a2200205 a 4500
001 - NÚMERO DE CONTROL
campo de control BRCA_3488
005 - FECHA Y HORA DE LA ÚLTIMA TRANSACCIÓN
campo de control 20190320204315.0
041 ## - CÓDIGO DE LENGUA
Código de lengua del texto/banda sonora o título independiente eng
044 ## - CÓDIGO DEL PAÍS DE LA ENTIDAD EDITORA/PRODUCTORA
Código MARC del país u
050 #4 - SIGNATURA TOPOGRÁFICA DE LA BIBLIOTECA DEL CONGRESO
Número de clasificación NK1370
Número de documento/Ítem .D48 1995
245 10 - MENCIÓN DE TÍTULO
Título Designing Modernity
Resto del título The Arts of Reform and Persuasion 1885-1945 : Selections from the Wolfsonian
Mención de responsabilidad, etc. Edited by Wendy Kaplan.
260 ## - PUBLICACIÓN, DISTRIBUCIÓN, ETC.
Lugar de publicación, distribución, etc. Estados Unidos
Nombre del editor, distribuidor, etc. Thames and Hudson
Fecha de publicación, distribución, etc. 1995
300 ## - DESCRIPCIÓN FÍSICA
Extensión 352 p.
Otras características físicas il. (algunas a color)
Dimensiones 28 cm.
500 ## - NOTA GENERAL
Nota general Catálogo de la exposición realizada en The Wolfsonian (Miami Beach), 11 noviembre, 1995 - 28 abril, 1996 ; Los Angeles County Museum of Art, 21 julio - 22 septiembre, 1996 ; Seatle Art Museum, 24 octubre, 1996 - 12 enero, 1997 y en The Carnegie Museum of Art ( Pittsburgh), 22 febrero - 18 mayo, 1997
504 ## - NOTA DE BIBLIOGRAFÍA, ETC.
Nota de bibliografía, etc. Incluye referencias bibliográficas e índice
650 14 - PUNTO DE ACCESO ADICIONAL DE MATERIA--TÉRMINO DE MATERIA
Término de materia o nombre geográfico como elemento de entrada Diseño
Subdivisión de forma Exposiciones
Subdivisión general Historia
Subdivisión cronológica Siglo XIX-XX
9 (RLIN) 9074
650 14 - PUNTO DE ACCESO ADICIONAL DE MATERIA--TÉRMINO DE MATERIA
Término de materia o nombre geográfico como elemento de entrada Artes decorativas
Subdivisión de forma Exposiciones
Subdivisión general Historia
Subdivisión cronológica Siglo XIX-XX
9 (RLIN) 9075
700 1# - PUNTO DE ACCESO ADICIONAL--NOMBRE DE PERSONA
Nombre de persona Kaplan, Wendy
9 (RLIN) 9076
942 ## - ELEMENTOS DE PUNTO DE ACCESO ADICIONAL (KOHA)
Fuente del sistema de clasificación o colocación Library of Congress Classification
Tipo de ítem Koha Libros
Holdings
Estado de retiro Estado de pérdida Estado dañado No para préstamo Localización permanente Ubicación/localización actual Fecha de adquisición Total de préstamos Signatura topográfica completa Código de barras Fecha visto por última vez Precio válido a partir de Tipo de ítem Koha
El ejemplar forma parte de la colección y puede ser consultado según las políticas vigentes.       Biblioteca del Museo Franz Mayer (Rogerio Casas-Alatriste) Biblioteca del Museo Franz Mayer (Rogerio Casas-Alatriste) 24/04/2009   NK1370 .D48 1995 01584 22/03/2019 22/03/2019 Libros